| 000 | 00000nam##2200000za#4500 |
| 001 | 9.669081 |
| 003 | CaOODSP |
| 005 | 20210615124609 |
| 007 | ta |
| 008 | 150407|2007||||xxc||||| f|0| 0 chi|d |
| 020 | |a978-0-662-02995-3 |
| 040 | |aCaOODSP|beng |
| 041 | |achi |
| 043 | |an-cn--- |
| 086 | 1 |aCD4-47/2007Ch |
| 110 | 1 |aCanada.|bCanadian International Development Agency. |
| 245 | 10|aCIDA China Program - Gender Equality toolkit |
| 260 | |aOttawa - Ontario : |bCanadian International Development Agency |c©2007. |
| 300 | |avii, 31p. : |bphotographs ; |c28 cm. |
| 500 | |aISBN (978-0-662-46645-1) of the English edition printed in this publication. |
| 546 | |aText in Chinese. |
| 563 | |aSoftcover |
| 590 | |a07-47|b2007-11-23 |
| 690 | 07|aGender equality|2gcpds |
| 690 | 07|aInternational development|2gcpds |
| 775 | 08|tCIDA China Program - Gender Equality toolkit |w(CaOODSP)9.650873 |
| 775 | 08|tProgramme de l'ACDI pour la Chine - guide de mise en oeuvre Égalité entre les sexes |w(CaOODSP)9.683949 |
| 776 | 0#|t[Programme de l'ACDI pour la Chine - égalité entre les sexes] |w(CaOODSP)9.674598 |
| 792 | |tProgramme de l'ACDI pour la Chine - guide de mise en oeuvre Égalité entre les sexes |efre|w(CaOODSP)9.669082 |